Estatísticas para Cultura Geral

Clique aqui para jogar o quiz

Estatísticas Gerais

  • Esse quiz foi jogado 21 vezes
  • A pontuação média é 6 de 15

Estatísticas das Respostas

HintResposta% Correto
Qual é a capital de San Marino?San Marino
90%
Qual é a língua oficial de Liechtenstein?Alemão
85%
Qual é o único país que faz fronteira com o Mónaco?França
85%
Que linguagem é usada na nomenclatura binomial, Homo sapiens, por exemplo?Latim
55%
Como é chamada a lava quando está sob a superfície da Terra?Magma
55%
Como se chama o famoso casino do Mónaco?Monte Carlo
55%
Qual MP3 player foi lançado pela Apple em 2001?iPod
45%
Que rio forma grande parte da fronteira entre a Alemanha e a França?Reno
25%
Que famosa atriz serviu de inspiração para a música Grace Kelly?Grace Kelly
20%
Como se chama a ex-mulher do ator Tom Cruise?Nicole Kidman
20%
Por que outro nome é conhecida a região costeira de Côte d'Azur?Riviera francesa
20%
Em que ilha você encontraria o Monte Etna, possivelmente o vulcão mais ativo do mundo?Sicília
20%
Qual país da comunidade britânica está mais longe da Grã-Bretanha?Nova Zelândia
15%
A que banda pertence a música How You Remind Me?Nickelback
5%
Que país tem como capital Mauro?Ilhas Marshall
0%

Distribuição das Pontuações

Percentil de Números Respondidos

Porcentagem de Pessoas com Cada Pontuação

Sua Pontuação Histórica

Você não jogou esse quiz